000 00307nam a22001097a 4500
082 _a954/AGG
100 _aAggarwal,Justics S.N.
_983791
245 _aSardar Patel The Supreme Architect in Unification of India VoL- 2
260 _aHariyana
_bGurugram
_c2020
650 _aIndian History
_9227
942 _cBK
999 _c68762
_d68762